Statistics for Marilyn Monroe Quiz

Click here to take the quiz!

General Stats

  • This quiz has been taken 11,972 times
    (11,958 since last reset)
  • The average score is 14 of 19

Answer Stats

Question Answer % Correct
Politician who she sang "Happy Birthday" toJohn F. Kennedy
96%
1959 film: Some Like it ___Hot
94%
Song from the above movie: ________ are a Girl's Best FriendDiamonds
93%
1953 film: Gentlemen Prefer ______Blondes
89%
She was featured as the centerfold in the first issue of this magazinePlayboy
89%
This musician wrote the song "Candle in the Wind" about herElton John
88%
1955 film: The Seven Year ____Itch
86%
Her real first nameNorma
86%
Baseball player she married in 1954Joe DiMaggio
84%
Number of Oscars she was nominated forNone
82%
1953 film: How to Marry a ___________Millionaire
78%
This artist made a silk-screen painting of 50 Marilyn MonroesAndy Warhol
78%
Her hair was dyed this "shade" of blondePlatinum
76%
She almost starred as Holly Golightly in this film, but Audrey Hepburn
was chosen instead
Breakfast at Tiffany's
73%
City where she was born and diedLos Angeles
71%
Playwright she married in 1956Arthur Miller
62%
She worked in one of these during WWIIFactory
51%
1953 film about a woman scheming to murder her husband at a
tourist destination on the Canadian border
Niagara
30%
Her first husband - married at age sixteenJames Dougherty
10%

Score Distribution

Percentile by Number Answered

Percent of People with Each Score

Your Score History

You have not taken this quiz since the last reset